000 00402nam a2200145Ia 4500
008 100122s9999 xx 000 0 und d
082 _b23447
_a613
100 _aगोखले शरच्चंद्र
245 _aजगावेगळे जग
260 _c1966
300 _a50
630 _aजगावेगळे जग
730 _aजगावेगळे जग
942 _cBOOK
999 _c411046
_d411043